000 00844nam a2200265 a 4500
008
020 _a9781741034042(paperback)
040 _aNUST
_cNUST
049 _aMAIN
090 _aBF713
_bPET
100 1 _aPeterson, Candida.
245 1 0 _aLooking Forward Through Childhoodand Adolesence:
_bDevelopmental Psychology /
_cPeterson, Candida.
260 _aAustralia :
_bPearson Education ,
_c2004
300 _axxii, 472 pages :
_bcolour illustrations ;
_c28 cm
336 _atext
_btxt
_2rdacontent
337 _aunmediated
_bn
_2rdamedia
338 _avolume
_bnc
_2rdacarrier
500 _aIncludes index.
650 _aChildhood.
650 1 _aDevelopmental Psychology.
907 _a.b10411045
_b15-10-21
_c15-10-21
003
005 20230123141224.0
942 _cBOOKS
_kBF713
_mPET
999 _c169775
_d169775